000 00827cab a2200265 4500
001 ABS52949
008 090401t1995 xxu||||| |||| 00| 0 eng d
035 _a(Sirsi) u1049
041 _aeng
100 _aGibson, V.
245 _aManaging in the Millennium
260 _c1995
350 _a0
490 _aEstates Gazette
_v(9518) 6 May 1995, 109-112(4)
520 _aOverall prize winning paper in the CPD Foundation`s Millennium 2000 competition, examines the changing role of property and the property professional.
650 _aMANAGEMENT-BUSINESS MANAGEMENT
650 _aCORPORATE PROPERTY
650 _aMANAGEMENT STRATEGIES
650 _aMILLENNIUM 2000
650 _aORGANISATIONAL STRUCTURE
650 _aSTRATEGIC VISION
690 _aPROPERTY LAW AND PRACTICE
942 _n0
948 _c04/03/1997
999 _c578
_d578